| 000 | 00660nam a2200217 a 4500 | ||
|---|---|---|---|
| 005 | 20220818091624.0 | ||
| 008 | 160503s2007 mx r 000 0 spa d | ||
| 020 | _a9788484124245 | ||
| 035 | _aUPN01000210089 | ||
| 049 | _aI | ||
| 050 | 4 |
_aPQ6668 I5 _bC6.6 |
|
| 100 | 1 |
_aRío, Carmina del _932941 |
|
| 245 | 1 | 0 |
_aCon cuidado, que es peligroso / _cCarmina del Río. |
| 260 |
_aBarcelona, Esp. : _bSalvatella, _c2007. |
||
| 300 |
_a31 p. : _bil. col. |
||
| 440 | 0 |
_aLaura y compañía ; _v22 |
|
| 650 | 4 |
_aLIBROS Y LECTURA PARA NIÑOS - _zESPAÑA _92310 |
|
| 650 | 7 |
_aAccidentes infantiles _xPrevención _2 _917447 |
|
| 905 | _aInfantil | ||
| 999 |
_c182190 _d182190 |
||